Effect replacing fish meal by california red worm and waterspiniach on the growth performance of local chicken kandal province, ឥទ្ធពលនៃការជំនួសត្រីហាលដោយជន្លេន និង​ត្រកួនទៅលើការលូតលាស់របស់កូនមាន់ពូជក្នុងស្រុកនៅ​ ខេត្តកណ្ដាល (Record no. 2252)

000 -LEADER
fixed length control field 00773nam a22001577a 4500
003 - CONTROL NUMBER IDENTIFIER
control field OSt
005 - DATE AND TIME OF LATEST TRANSACTION
control field 20151008162218.0
008 - FIXED-LENGTH DATA ELEMENTS--GENERAL INFORMATION
fixed length control field 151008b xxu||||| |||| 00| 0 eng d
040 ## - CATALOGING SOURCE
Transcribing agency RUA
082 ## - DEWEY DECIMAL CLASSIFICATION NUMBER
Classification number AVM CHO 2008 B081 Or.1
100 ## - MAIN ENTRY--PERSONAL NAME
9 (RLIN) 2391
Personal name CHORN, PHANNY.
245 ## - TITLE STATEMENT
Title Effect replacing fish meal by california red worm and waterspiniach on the growth performance of local chicken kandal province, ឥទ្ធពលនៃការជំនួសត្រីហាលដោយជន្លេន និង​ត្រកួនទៅលើការលូតលាស់របស់កូនមាន់ពូជក្នុងស្រុកនៅ​ ខេត្តកណ្ដាល
260 ## - PUBLICATION, DISTRIBUTION, ETC. (IMPRINT)
Place of publication, distribution, etc. Phnom Penh
Name of publisher, distributor, etc. RUA
Date of publication, distribution, etc. 2008
300 ## - PHYSICAL DESCRIPTION
Extent 39p.
Other physical details ill.
Dimensions 29cm.
942 ## - ADDED ENTRY ELEMENTS (KOHA)
Source of classification or shelving scheme
Koha item type AVM
Holdings
Price effective from Date last seen Permanent Location Not for loan Date acquired Source of classification or shelving scheme Koha item type Barcode Lost status Damaged status Shelving location Withdrawn status Current Location Full call number
2015-10-082015-10-08Library Block B 2015-10-08 AVMRUA025564  B081 Library Block BAVM CHO 2008 B081 Or.1
មជ្ឈមណ្ឌលឯការនៃសាកលវិទ្យាល័យភូមិន្ទកសិកម្មចំការដូង

Powered by Koha